<?xml version="1.0" encoding="UTF-8"?>
<record
    xmlns:xsi="http://www.w3.org/2001/XMLSchema-instance"
    xsi:schemaLocation="http://www.loc.gov/MARC21/slim http://www.loc.gov/standards/marcxml/schema/MARC21slim.xsd"
    xmlns="http://www.loc.gov/MARC21/slim">

  <leader>00520    a2200157   4500</leader>
  <datafield tag="952" ind1=" " ind2=" ">
    <subfield code="0">0</subfield>
    <subfield code="1">0</subfield>
    <subfield code="4">0</subfield>
    <subfield code="7">0</subfield>
    <subfield code="8">NFIC</subfield>
    <subfield code="a">LL</subfield>
    <subfield code="b">LL</subfield>
    <subfield code="c">GEN</subfield>
    <subfield code="d">2022-05-30</subfield>
    <subfield code="e">Donation.Raoul Wallenberg Institute</subfield>
    <subfield code="l">0</subfield>
    <subfield code="o">KU 1034 LYS 2019</subfield>
    <subfield code="p">032231</subfield>
    <subfield code="r">2022-05-30 00:00:00</subfield>
    <subfield code="t">C.1</subfield>
    <subfield code="w">2022-05-30</subfield>
    <subfield code="y">BK</subfield>
  </datafield>
  <datafield tag="952" ind1=" " ind2=" ">
    <subfield code="0">0</subfield>
    <subfield code="1">0</subfield>
    <subfield code="4">0</subfield>
    <subfield code="7">0</subfield>
    <subfield code="8">NFIC</subfield>
    <subfield code="a">LL</subfield>
    <subfield code="b">LL</subfield>
    <subfield code="c">GEN</subfield>
    <subfield code="d">2022-05-30</subfield>
    <subfield code="e">Donation.Raoul Wallenberg Institute</subfield>
    <subfield code="l">0</subfield>
    <subfield code="o">KU 1034 LYS 2019</subfield>
    <subfield code="p">032232</subfield>
    <subfield code="r">2022-05-30 00:00:00</subfield>
    <subfield code="t">C.2</subfield>
    <subfield code="w">2022-05-30</subfield>
    <subfield code="y">BK</subfield>
  </datafield>
  <datafield tag="999" ind1=" " ind2=" ">
    <subfield code="c">10526</subfield>
    <subfield code="d">10526</subfield>
  </datafield>
  <datafield tag="020" ind1=" " ind2=" ">
    <subfield code="a">9780521843683</subfield>
  </datafield>
  <datafield tag="050" ind1=" " ind2=" ">
    <subfield code="a">KU1034LYS</subfield>
  </datafield>
  <datafield tag="100" ind1=" " ind2=" ">
    <subfield code="a">Lyster , Rosemary</subfield>
    <subfield code="e">author</subfield>
  </datafield>
  <datafield tag="245" ind1=" " ind2=" ">
    <subfield code="a">Energy law and the environment /</subfield>
    <subfield code="c">Rosemary Lyster; Adrian J Bradbrook</subfield>
  </datafield>
  <datafield tag="264" ind1=" " ind2=" ">
    <subfield code="a">Melbourne [etc.] : </subfield>
    <subfield code="b"> Cambridge University press,</subfield>
    <subfield code="c">2019</subfield>
  </datafield>
  <datafield tag="300" ind1=" " ind2=" ">
    <subfield code="a">260p. :</subfield>
  </datafield>
  <datafield tag="500" ind1=" " ind2=" ">
    <subfield code="a">includes index</subfield>
  </datafield>
  <datafield tag="650" ind1=" " ind2=" ">
    <subfield code="a"> AMBIENTE NATURALE -- Tutela -- Legislazione -- Australia</subfield>
  </datafield>
  <datafield tag="700" ind1=" " ind2=" ">
    <subfield code="a">Bradbrook Adrian</subfield>
    <subfield code="e">author</subfield>
  </datafield>
  <datafield tag="942" ind1=" " ind2=" ">
    <subfield code="2">lcc</subfield>
    <subfield code="c">BK</subfield>
    <subfield code="h">1034</subfield>
    <subfield code="i">LYS</subfield>
    <subfield code="k">KU</subfield>
  </datafield>
</record>
